PROGRAMY KULINARNE EMITOWANE W POLSCE: - Statystyki

Ogólne statystyki
  • Ten quiz został rozwiązany 117 razy
  • Średni wynik to 3 z 5
Statystyki odpowiedzi
Odpowiedź % Poprawnych
MASTERCHEF
86%
KUCHENNE REWOLUCJE
83%
Hells Kitchen
65%
TOP CHEF
50%
MAKŁOWICZ W PODRÓŻY
15%
Nie znaleziono quizów pasujących do podanych kryteriów
Rozkład punktacji
Procent ludzi z każdym wynikiem
Percentyl według liczby udzielonych odpowiedzi
Twoja historia wyników
Nie rozwiązałeś tego quizu